000 00689nam a2200253Ia 4500
008 171120s9999 xx 000 0 und d
020 _a9.7897127195e+012
050 _a829
050 _bM277 2007
100 _aMangansakan, Gutierrez
245 _aChildren of the ever-changing moon :
245 _bessays by young moro writers /
245 _cby Gutierrez Mangansakan and Young Moro writers.
260 _aPhilippines :
260 _bAnvil,
260 _c2007
300 _a119 pages :
300 _billustrations ;
300 _c20cm.
500 _aIncludes glossary.
650 _aPhilippine essays (English).
700 _aTitle.
700 _aYoung Moro writers.
999 _c345404
_d345404